<?xml version="1.0" encoding="UTF-8"?>
<marc:record xmlns:marc="http://www.loc.gov/MARC21/slim">
   <marc:leader>00000nam a2200000 a 4500</marc:leader>
   <marc:datafield ind1="1" ind2=" " tag="100">
      <marc:subfield code="a">Kirschner, Sabrina J.</marc:subfield>
      <marc:subfield code="4">aut</marc:subfield>
      <marc:subfield code="e">Verfasser/-in</marc:subfield>
   </marc:datafield>
   <marc:datafield ind1=" " ind2=" " tag="653">
      <marc:subfield code="a">Kinderbuch</marc:subfield>
   </marc:datafield>
   <marc:datafield ind1=" " ind2=" " tag="653">
      <marc:subfield code="a">Kinderbücher bis 11 Jahre</marc:subfield>
   </marc:datafield>
   <marc:datafield ind1="0" ind2="0" tag="245">
      <marc:subfield code="a">Die entführte Lehrerin</marc:subfield>
   </marc:datafield>
   <marc:datafield ind1="0" ind2="0" tag="245">
      <marc:subfield code="c">Kirschner, Sabrina J.</marc:subfield>
   </marc:datafield>
   <marc:datafield ind1=" " ind2="1" tag="264">
      <marc:subfield code="a">Hamburg</marc:subfield>
      <marc:subfield code="b">Carlsen</marc:subfield>
      <marc:subfield code="c">18</marc:subfield>
   </marc:datafield>
   <marc:datafield ind1="1" ind2=" " tag="490">
      <marc:subfield code="a">Die unlangweiligste Schule der Welt / Sabrina J. Kirschner</marc:subfield>
      <marc:subfield code="v">Band 3</marc:subfield>
   </marc:datafield>
   <marc:datafield ind1=" " ind2=" " tag="250">
      <marc:subfield code="a">1. Aufl.</marc:subfield>
   </marc:datafield>
   <marc:datafield ind1="1" ind2=" " tag="520">
      <marc:subfield code="a">Angaben aus der Verlagsmeldung &#xD;
&#xD;
 &#xD;
&#xD;
  Die unlangweiligste Schule der Welt 3: Die entführte Lehrerin / von Sabrina J. Kirschner &#xD;
&#xD;
 &#xD;
&#xD;
  &#xD;
„Bitte leise atmen!“ heißt es für Maxe, Frieda und ihre Klasse in der langweiligsten Schule der Welt. Ein Fall für Inspektor Rasputin Rumpus von der Behörde für Langeweilebekämpfung! &#xD;
&#xD;
 &#xD;
Über 777 Schulregeln und achtmal täglich Mathe: Maxes Schule ist zum Einschlafen! Dass seine Lehrerin Frau Penne entführt wurde, hilft da auch nicht weiter. Die war zwar die totale Schnarchnase, aber längst nicht so schlimm wie der Schulleiter! Doch ausgerechnet der Direktor, Erfinder der Schultaschenkontrolle und des Lachverbots, soll sie nun vertreten. Frieda und Maxe bleibt nur noch eine Chance: Sie müssen schnellstens ihre Lehrerin finden, auch wenn sie sich dabei in große Gefahr begeben ... &#xD;
&#xD;
 &#xD;
Eine neue, turbulente Reihe für Jungs und Mädchen – Schulchaos plus Agenten-Spannung plus viele Bilder = Lesespaß pur! &#xD;
&#xD;
 &#xD;
Lesen lernen leichtgemacht! &#xD;
&#xD;
 &#xD;
Kurze Kapitel, viele Bilder! &#xD;
&#xD;
 &#xD;
„Witzige Mischung aus Klassenchaos und Agentenspannung“, Spick 415, Juli/August 2017</marc:subfield>
   </marc:datafield>
   <marc:datafield ind1=" " ind2=" " tag="020">
      <marc:subfield code="a">9783551653932</marc:subfield>
      <marc:subfield code="9">9783551653932</marc:subfield>
   </marc:datafield>
   <marc:datafield ind1=" " ind2=" " tag="020">
      <marc:subfield code="a">3551653933</marc:subfield>
      <marc:subfield code="9">3551653933</marc:subfield>
   </marc:datafield>
   <marc:datafield ind1=" " ind2=" " tag="041">
      <marc:subfield code="a">ger</marc:subfield>
   </marc:datafield>
   <marc:datafield ind1=" " ind2=" " tag="300">
      <marc:subfield code="b">Illustrationen</marc:subfield>
   </marc:datafield>
   <marc:datafield ind1="0" ind2=" " tag="490">
      <marc:subfield code="v">Band 3</marc:subfield>
   </marc:datafield>
   <marc:datafield ind1="1" ind2=" " tag="521">
      <marc:subfield code="a">Kind</marc:subfield>
   </marc:datafield>
   <marc:datafield ind1=" " ind2=" " tag="338">
      <marc:subfield code="a">Band</marc:subfield>
   </marc:datafield>
   <marc:datafield ind1=" " ind2=" " tag="300">
      <marc:subfield code="a">218 Seiten</marc:subfield>
   </marc:datafield>
</marc:record>
